Statistieken voor Landen die het dichtst bij Luxemburg liggen - Een minuut sprint

Klik hier om de quiz te nemen!

Algemene statistieken

  • Deze quiz is 44 keer genomen
  • De gemiddelde score is 15 van 20

Antwoordstatistieken

kmland% Correct
0België
100%
0Duitsland
100%
0Frankrijk
100%
64Nederland
100%
321Oostenrijk
94%
227Zwitserland
94%
366Italië
91%
811Spanje
88%
555Denemarken
79%
401Tsjechië
79%
338Liechtenstein
76%
602Polen
76%
337Verenigd Koninkrijk
76%
641Monaco
73%
766San Marino
70%
630Slovenië
64%
768Slowakije
55%
694Kroatië
48%
767Hongarije
42%
732Zweden
39%

Scoreverdeling

Percentiel versus Aantal Correcte Antwoorden

Procent van Mensen met Elke Score

Uw Scoregeschiedenis

U heeft deze quiz nog niet genomen